000 00790nam a2200253 4500
999 _c18088
_d18088
001 4562450
003 BDDh-ASL
005 20231015025659.0
008 700825s1969 enkab b 001 0 eng
010 _a 73107202
040 _aDLC
_cDLC
_dBDDh-ASL
043 _aa-ii---
050 0 0 _aDS448
_b.D28 1970
082 0 0 _a954.03
_bDAI
100 1 _aDas, Durga,
_d1900-
245 1 0 _aIndia from Curzon to Nehru and after/
_cWith a foreword by the President of India Zakir Husain.
260 _aLondon :
_bCollins,
_c1969.
300 _a487 p.
_bills., maps ;
_c24 cm.
350 _a10.95
504 _aIncludes bibliographical references and index.
651 0 _aIndia
_xPolitics and government
_y20th century.
906 _a7
_bcbc
_corignew
_d2
_encip
_f19
_gy-gencatlg
942 _2ddc
_cBK